Countries That Celebrate the Lunar New Year - Statistics

General Stats
  • This quiz has been taken 31 times
  • The average score is 11 of 13
Answer Stats
Answer % Correct
China
100%
South Korea
93%
Vietnam
93%
Japan
90%
Malaysia
86%
Cambodia
83%
North Korea
83%
Thailand
83%
Mongolia
79%
Singapore
79%
Indonesia
72%
Brunei
66%
Philippines
59%
No matching quizzes found
Score Distribution
Percent of People with Each Score
Percentile by Number Answered
Your Score History
You have not taken this quiz